La reflexión ética en el campo de la educación y la formación (Record no. 20058)

MARC details
000 -LEADER
campo de control de longitud fija 01051nmc a2200349 a 4500
003 - IDENTIFICADOR DE NÚMERO DE CONTROL
campo de control AR-BaBNM
005 - FECHA Y HORA DE LA ÚLTIMA TRANSACCIÓN
campo de control 20251128211530.0
008 - DATOS DE LONGITUD FIJA--INFORMACIÓN GENERAL
campo de control de longitud fija 094120s2000 ||||||||||||||000 | spa||
020 ## - NÚMERO INTERNACIONAL ESTÁNDAR DEL LIBRO
Número Internacional Estándar del Libro 987-538-020-2
040 ## - FUENTE DE CATALOGACIÓN
Centro/agencia transcriptor AR-BaBNM
100 1# - ENTRADA PRINCIPAL--NOMBRE DE PERSONA
Nombre de persona Guariglia, Osvaldo
245 10 - MENCIÓN DEL TÍTULO
Título La reflexión ética en el campo de la educación y la formación
250 ## - MENCION DE EDICION
Mención de edición 1ª ed.
260 ## - PUBLICACIÓN, DISTRIBUCIÓN, ETC.
Lugar de publicación, distribución, etc. Buenos Aires
Nombre del editor, distribuidor, etc. Ediciones Novedades Educativas
Fecha de publicación, distribución, etc. 2000
Nombre del editor, distribuidor, etc. Universidad Nacional de Buenos Aires
300 0# - DESCRIPCIÓN FÍSICA
Extensión 125 p.
490 #0 - MENCIÓN DE SERIE
Mención de serie Formacion de formadores. Los documentos
Designación de volumen o secuencia v. 11
650 #4 - PUNTO DE ACCESO ADICIONAL DE MATERIA--TÉRMINO DE MATERIA
Término de materia o nombre geográfico como elemento de entrada ETICA
650 #4 - PUNTO DE ACCESO ADICIONAL DE MATERIA--TÉRMINO DE MATERIA
Término de materia o nombre geográfico como elemento de entrada EPISTEMOLOGIA
650 #4 - PUNTO DE ACCESO ADICIONAL DE MATERIA--TÉRMINO DE MATERIA
Término de materia o nombre geográfico como elemento de entrada HUMANIDADES
650 #4 - PUNTO DE ACCESO ADICIONAL DE MATERIA--TÉRMINO DE MATERIA
Término de materia o nombre geográfico como elemento de entrada FILOSOFIA DE LA EDUCACION
653 #0 - TÉRMINO DE INDIZACIÓN--NO CONTROLADO
Término no controlado FORMACION DE FORMADORES
700 1# - ENTRADA AGREGADA--NOMBRE PERSONAL
Nombre de persona Ferry, Gilles
700 1# - ENTRADA AGREGADA--NOMBRE PERSONAL
Nombre de persona Filloux, Jean-Claude
700 1# - ENTRADA AGREGADA--NOMBRE PERSONAL
Nombre de persona Nathanson, Jacques
700 1# - ENTRADA AGREGADA--NOMBRE PERSONAL
Nombre de persona Cullen, Carlos A.
700 1# - ENTRADA AGREGADA--NOMBRE PERSONAL
Nombre de persona Mancovsky, Viviana
700 1# - ENTRADA AGREGADA--NOMBRE PERSONAL
Nombre de persona Seró de Botinelli, Cristina
800 1# - PUNTO DE ACCESO ADICIONAL DE SERIE--NOMBRE DE PERSONA
Nombre de persona Fernández, Lidia M.
Término indicativo de función/relación director
800 1# - PUNTO DE ACCESO ADICIONAL DE SERIE--NOMBRE DE PERSONA
Nombre de persona Souto, Marta
Término indicativo de función/relación director
942 ## - ELEMENTOS DE ENTRADA SECUNDARIOS (KOHA)
Tipo de ítem Koha Libros
998 ## - INFORMACIÓN DE CONTROL LOCAL (RLIN)
Iniciales del catalogador, CIN (RLIN) raquel
Holdings
Estatus retirado Estado de pérdida Fuente de la clasificación o esquema de estantería Estado de daño No para préstamo Biblioteca de origen Biblioteca actual Fecha de adquisición Total de préstamos Signatura topográfica completa Código de barras Visto por última vez Precio de reemplazo Tipo de ítem Koha
    Clasificación Decimal Dewey     Liberty Liberty 28/11/2025   37.01 GUA 135735 28/11/2025 28/11/2025 Libros
    Clasificación Decimal Dewey     Liberty Liberty 28/11/2025   37.01 GUA 135736 28/11/2025 28/11/2025 Libros